K niektorým otázkam ďalšieho rozvoja NHK členských krajín RVHP so zreteľom na zapojenie čsl. NHK do MPD osobitne do MSDP záverečná výskumná správa čiastkovej úlohy ŠPZV IX-2-4/5.1
Na minha lista:
| Formato: | Livro |
|---|---|
| Idioma: | eslovaco |
| Publicado em: |
Bratislava
VŠE
1989
|
| Tags: |
Sem tags, seja o primeiro a adicionar uma tag!
|
MARC
| LEADER | 00000nam a2200000 4500 | ||
|---|---|---|---|
| 001 | c028003 | ||
| 005 | 20260325122031.3 | ||
| 041 | 0 | |a slo | |
| 044 | |a SK | ||
| 245 | 1 | 0 | |a K niektorým otázkam ďalšieho rozvoja NHK členských krajín RVHP so zreteľom na zapojenie čsl. NHK do MPD osobitne do MSDP |b záverečná výskumná správa čiastkovej úlohy ŠPZV IX-2-4/5.1 |
| 264 | 1 | |a Bratislava |b VŠE |c 1989 | |
| 300 | |a 137 s. | ||